| 000 | 00923nam a22002777a 4500 | ||
|---|---|---|---|
| 001 | 9347 | ||
| 003 | FISKH | ||
| 005 | 20251211135442.0 | ||
| 008 | 251211b cb ||||| |||| 00| 0 eng d | ||
| 020 | _a9780545076180 | ||
| 040 |
_aFISKH _beng _cFISKH _dFISKH |
||
| 050 | _aPS3556.L42268 B54 | ||
| 082 | _a811.54 | ||
| 100 |
_aFleischman, Paul _eAuthor |
||
| 245 |
_aBig talk : _bPoems for four voices / _cPaul Fleischman ; Illustrated by Beppe Giacobbe |
||
| 260 |
_aNew York : _bScholastic Inc. , _c2000 |
||
| 300 |
_a44 pages : _bcolor illustrations ; _c18 x 27 cm |
||
| 505 | _aR | ||
| 520 | _aA collection of poems to be read aloud by four people, with color-coded text to indicate which lines are read by which readers. | ||
| 521 | 8 |
_a700
_bLexile estimate |
|
| 521 | 8 |
_aR
_bRaz-Plus |
|
| 650 |
_aPoems _vShared reading |
||
| 700 |
_aGiacobbe, Beppe _eIllustrator |
||
| 942 |
_2ddc _cBK _n0 |
||
| 999 |
_c9347 _d9347 |
||